[Event "Round 17"]
[Site "http://www.queenalice.com/game.php?id=526379"]
[Date "2009.1.21"]
[Round "-"]
[White "Timinator"]
[Black "Maximus_the_Knight"]
[Result "1-0"]
[WhiteElo "1419"]
[BlackElo "992"]

1. d4 d5 2. Nc3 e6 3. e4 c5 4. e5 Nc6 5. Bb5 cxd4 6. Bxc6+ bxc6 7. Qxd4 Qa5 8.
Nf3 Bb4 9. O-O c5 10. Qg4 d4 11. Ne4 Ba6 12. Qxg7 O-O-O 13. Nd6+ Kb8 14. Qxh8
Bxf1 15. Kxf1 f6 16. Bf4 Bd2 17. Bxd2 Qa6+ 18. c4 fxe5 19. Nf7 Re8 20. Qxe5+ Kc8
21. Qxc5+ Kb8 22. Bf4+ e5 23. Bxe5+ Rxe5 24. N3xe5 Qf6 25. Nd7+ 1-0

[Event "Maximus_the_knight"]
[Site "http://www.queenalice.com/game.php?id=529140"]
[Date "2009.1.25"]
[Round "-"]
[White "foda"]
[Black "Maximus_the_Knight"]
[Result "0-1"]
[WhiteElo "1248"]
[BlackElo "1028"]

1. e4 d5 2. Qf3 c6 3. exd5 cxd5 4. c4 Nh6 5. d3 Bg4 6. Qf4 f5 7. h3 Bh5 8. cxd5
Qxd5 9. Nc3 Qa5 10. Qg5 Bf7 11. Bd2 e6 12. Nce2 Bb4 13. Rd1 O-O 14. a3 Bxd2+ 15.
Qxd2 Qxd2+ 16. Rxd2 Nc6 17. b4 Rfd8 18. b5 Ne5 19. Nf3 Nxd3+ 20. Rxd3 Rxd3 21.
Nc1 Rxa3 22. Ne5 Rc3 23. Ned3 e5 24. Nxe5 Rxc1+ 25. Kd2 Rxf1 26. Rxf1 Rd8+ 27.
Kc1 Be8 28. g4 Bxb5 29. Re1 fxg4 30. hxg4 Bd7 31. g5 Ng4 32. Nxg4 Bxg4 33. Re4
Rd1+ 34. Kc2 Bf5 35. Kxd1 Bxe4 0-1

[Event "Round 18"]
[Site "http://www.queenalice.com/game.php?id=529787"]
[Date "2009.1.26"]
[Round "-"]
[White "Timinator"]
[Black "Maximus_the_Knight"]
[Result "1-0"]
[WhiteElo "1412"]
[BlackElo "1013"]

1. e4 d5 2. Nc3 e6 3. Nf3 Bb4 4. Bb5+ c6 5. Ba4 f5 6. exd5 Nf6 7. dxe6 O-O 8.
Bb3 Qe7 9. Ng5 Bc5 10. d4 Bb6 11. O-O Nd5 12. Qh5 Nf6 13. Qh3 Nd5 14. Qxh7# 1-0

[Event "Round 19"]
[Site "http://www.queenalice.com/game.php?id=530656"]
[Date "2009.1.28"]
[Round "-"]
[White "Maximus_the_Knight"]
[Black "Timinator"]
[Result "0-1"]
[WhiteElo "1030"]
[BlackElo "1417"]

1. d4 d5 2. e3 Nf6 3. c4 e6 4. b3 c5 5. Ba3 b6 6. cxd5 Qxd5 7. Bc4 Qxg2 8. Qf3
Bb7 9. Bf1 Qxh1 10. Qg2 Bxg2 11. Bxg2 Qxg1+ 12. Bf1 Ng4 13. Nd2 Qxf2+ 14. Kd1
Nxe3+ 15. Kc1 cxd4 16. Bb2 Bb4 17. Bxd4 Qxd2+ 18. Kb1 Qc2# 0-1

[Event "Been too long"]
[Site "http://www.queenalice.com/game.php?id=687397"]
[Date "2009.11.22"]
[Round "-"]
[White "Timinator"]
[Black "Maximus_the_Knight"]
[Result "1-0"]
[WhiteElo "1409"]
[BlackElo "1053"]

1. Nf3 d5 2. d4 e6 3. Bg5 Be7 4. Qd2 Na6 5. h4 h6 6. Bxe7 Nxe7 7. Qf4 O-O 8.
Nbd2 Ng6 9. Qg3 Nb4 10. O-O-O Nxa2+ 11. Kb1 Nb4 12. h5 Nh8 13. c3 Na6 14. e4
dxe4 15. Nxe4 Qd5 16. Bd3 f5 17. Ned2 f4 18. Qh4 g5 19. Qh2 c5 20. c4 Qc6 21.
Ne5 Qb6 22. Ng6 Nxg6 23. hxg6 cxd4 24. Qxh6 Rf5 25. Qh8# 1-0

[Event "Round 2"]
[Site "http://www.queenalice.com/game.php?id=689925"]
[Date "2009.11.28"]
[Round "-"]
[White "Maximus_the_Knight"]
[Black "Timinator"]
[Result "1-0"]
[WhiteElo "1051"]
[BlackElo "1400"]

1. d4 d5 2. e3 Bf5 3. Bd3 Bxd3 4. Qxd3 e6 5. c4 Bb4+ 6. Nc3 Nf6 7. Bd2 Qd6 8. b3
Nbd7 9. Nge2 O-O-O 10. h3 e5 11. O-O e4 12. Nb5 Qe7 13. Bxb4 Qxb4 14. Qc3 Qe7
15. Qa5 Nb8 16. Nf4 Rd7 17. Nxd5 Nxd5 18. cxd5 a6 19. d6 cxd6 20. Na7# 1-0

[Event "Rematch?"]
[Site "http://www.queenalice.com/game.php?id=697483"]
[Date "2009.12.13"]
[Round "-"]
[White "Maximus_the_Knight"]
[Black "Timinator"]
[Result "0-1"]
[WhiteElo "1081"]
[BlackElo "1376"]

1. d4 d5 2. e3 Bf5 3. Bd3 g6 4. Bxf5 gxf5 5. Qd3 e6 6. Nh3 c5 7. O-O c4 8. Qe2
Nf6 9. Ng5 Ng4 10. e4 Qd6 11. Re1 Qxh2+ 12. Kf1 Qh1# 0-1

[Event "1 game to 1 game - Tie breaker"]
[Site "http://www.queenalice.com/game.php?id=699272"]
[Date "2009.12.17"]
[Round "-"]
[White "Maximus_the_Knight"]
[Black "Timinator"]
[Result "0-1"]
[WhiteElo "1079"]
[BlackElo "1371"]

1. d4 d5 2. e3 Bf5 3. Bd3 e6 4. c4 Nc6 5. cxd5 Qxd5 6. Nc3 Qxg2 7. Qf3 Qg6 8. d5
Ne5 9. Bxf5 exf5 10. Qh3 Nd3+ 11. Kd2 Nxf2 12. Qf3 Nxh1 13. Qxh1 O-O-O 14. Nb5
Bc5 15. e4 fxe4 16. a3 Rxd5+ 17. Ke1 Bxg1 18. b4 Rxb5 19. Kf1 Rf5+ 0-1

[Event "Round 2 - Darren's Revenge"]
[Site "http://www.queenalice.com/game.php?id=706822"]
[Date "2010.1.1"]
[Round "-"]
[White "Maximus_the_Knight"]
[Black "Matach"]
[Result "1-0"]
[WhiteElo "1075"]
[BlackElo "1147"]

1. d4 d6 2. e3 e5 3. dxe5 Nc6 4. exd6 cxd6 5. Be2 Qa5+ 6. c3 Nf6 7. b4 Qc7 8.
Bf3 Ne5 9. a4 b6 10. Ne2 d5 11. Na3 a5 12. Nb5 Qc6 13. Nf4 g5 14. Nh5 Nfd7 15.
Bd2 Rb8 16. Bc1 axb4 17. Bxd5 Qc5 18. e4 bxc3 19. Be3 Qb4 20. Bd4 Ba6 21. Bxc3
Qb3 22. Bxb3 Rc8 23. Bxe5 Rc5 24. Bxh8 Rf5 25. Nc7+ Kd8 26. Nxa6 Ra5 27. Nf6 Be7
28. Qxd7# 1-0

[Event "Dan's Revenge"]
[Site "http://www.queenalice.com/game.php?id=709768"]
[Date "2010.1.7"]
[Round "-"]
[White "Maximus_the_Knight"]
[Black "Timinator"]
[Result "0-1"]
[WhiteElo "1094"]
[BlackElo "1396"]

1. d4 d5 2. e3 Bf5 3. Bd3 e6 4. Bxf5 exf5 5. Nd2 Bd6 6. Ne2 Qg5 7. f4 Qxg2 8.
Ng3 Qh3 9. c4 dxc4 10. Nxc4 Bb4+ 11. Bd2 Bxd2+ 12. Nxd2 Nf6 13. Qb3 b6 14. Qa3
c5 15. dxc5 O-O 16. cxb6 Nc6 17. bxa7 Rxa7 18. Qc5 Ra6 19. O-O-O Nd7 20. Qxf5
Qxf5 21. Nxf5 Nb4 22. a3 Nd3+ 23. Kb1 N7c5 24. Rhg1 g6 25. Ne7+ Kh8 26. Nb3 Rb6
27. Nxc5 Nxc5 28. b4 Na4 29. Ka2 Nc3+ 30. Kb3 Nxd1 31. Rxd1 Re6 32. Nd5 Rd8 33.
b5 Rb8 34. Ka4 Re4+ 35. Ka5 Rc4 36. Rd4 Rc2 37. Nb6 Rc3 38. Nc4 Rb3 39. Rd7
R8xb5+ 40. Ka6 Rc5 41. Rd8+ Kg7 42. Rd4 f5 43. a4 h5 44. a5 Kh6 45. Ne5 g5 46.
Rd3 Rbb5 47. Rd6+ Kg7 48. Rg6+ Kh7 49. fxg5 Rxa5+ 50. Kb6 Rxe5 51. Rh6+ Kg7 52.
g6 Kxh6 53. g7 Kxg7 0-1

[Event "Challange"]
[Site "http://www.queenalice.com/game.php?id=753267"]
[Date "2010.3.29"]
[Round "-"]
[White "Matach"]
[Black "Maximus_the_Knight"]
[Result "1-0"]
[WhiteElo "1017"]
[BlackElo "1096"]

1. d4 d6 2. e4 e5 3. Nf3 Bg4 4. h3 Bxf3 5. gxf3 f6 6. Bd3 d5 7. c3 Nc6 8. Be3
Na5 9. Nd2 Qc8 10. b4 Nc6 11. Bb5 Qd7 12. f4 a6 13. exd5 Nge7 14. dxc6 bxc6 15.
d5 Nxd5 16. Rc1 exf4 17. Bd4 cxb5 18. Ne4 Qe6 19. Qe2 a5 20. c4 Nxb4 21. cxb5
Nxa2 22. Rc2 Nb4 23. Rb2 Qd5 24. Bc3 g5 25. Qh5+ Kd8 26. O-O Qxe4 27. Bxf6+ Be7
28. Bxh8 Nd3 29. h4 Nxb2 30. hxg5 Kd7 31. f3 Qe3+ 32. Kg2 Rxh8 33. Qg4+ Kd8 34.
Rb1 h5 35. Qf5 Rf8 36. Qd5+ Bd6 37. Rxb2 Qe2+ 38. Rxe2 h4 39. Kh3 Rh8 40. Qa8+
1-0

[Event "Challenge"]
[Site "http://www.queenalice.com/game.php?id=791741"]
[Date "2010.6.18"]
[Round "-"]
[White "Matach"]
[Black "Maximus_the_Knight"]
[Result "0-1"]
[WhiteElo "1047"]
[BlackElo "1096"]

1. e4 d5 2. d3 dxe4 3. a4 exd3 4. cxd3 e6 5. d4 Qd7 6. Bb5 c6 7. Bc4 b5 8. b3
bxc4 9. bxc4 Bb4+ 10. Ke2 e5 11. Nf3 exd4 12. Nxd4 Qg4+ 13. f3 Qxg2+ 14. Ke3 Ne7
15. Rg1 Qxh2 16. Re1 Bxe1 17. Qxe1 Qe5+ 18. Kf2 Qxd4+ 19. Kg2 Qxa1 20. Nd2 O-O
21. Nb3 Qa2+ 22. Kg3 Qxb3 23. Qe2 Qxa4 24. Be3 Nf5+ 25. Kf4 Nxe3 26. Kxe3 Nd7
27. Kf2 Ba6 28. Qe4 Nc5 29. Qd4 Nb3 30. Qe4 Nd2 31. Qe2 Nxf3 32. Qxf3 Bxc4 33.
Qe3 Rfe8 0-1

[Event "Roman Raiding Party"]
[Site "http://www.queenalice.com/game.php?id=793470"]
[Date "2010.6.22"]
[Round "-"]
[White "Matach"]
[Black "Maximus_the_Knight"]
[Result "0-1"]
[WhiteElo "1028"]
[BlackElo "1110"]

1. d4 d5 2. Nc3 e6 3. a3 g6 4. g3 c6 5. h4 Qb6 6. e3 Qa5 7. Qd2 b5 8. b4 Qb6 9.
f4 a5 10. Nf3 axb4 11. Nb1 Nf6 12. Bb2 Ne4 13. Qd3 Nxg3 14. Rg1 Nxf1 15. Rxf1
Qa5 16. Nfd2 Qd8 17. Kd1 Qxh4 18. Qe2 h5 19. c3 bxc3 20. Bxc3 Na6 21. Nf3 Qg3
22. Rg1 Qh3 23. Nbd2 Nc7 24. Ng5 b4 25. Nb1 bxc3 26. Nxh3 c5 27. Nxc3 cxd4 28.
exd4 Bxa3 29. Nb1 Ba6 30. Qa2 Nb5 31. Rg3 Bb4 32. Qa4 Be7 33. Qb3 Nxd4 34. Qc3
Bf6 35. Ra3 O-O 36. Qa1 Be2+ 37. Kd2 Rac8 38. Nc3 e5 39. Ra4 Bh4 40. Re3 Nb3+
41. Kxe2 Nxa1 42. Rxa1 d4 43. Rd3 dxc3 44. Rc1 exf4 45. Nxf4 Bg5 46. Ke3 Rc4 47.
Rdd1 Bxf4+ 48. Kd3 Rfc8 49. Rc2 Be5 50. Re1 f6 51. Rg1 g5 52. Rf1 Rd4+ 53. Ke3
Rd2 54. Rcc1 Rd5 55. Ke4 Rdc5 56. Rh1 h4 57. Kf5 Bf4+ 58. Kxf6 Bxc1 59. Rxc1 c2
60. Kg6 g4 61. Kf6 R8c6+ 62. Ke7 Ra6 63. Kd8 Ra7 64. Ke8 Rc8# 0-1

[Event "Viking sails....."]
[Site "http://www.queenalice.com/game.php?id=799452"]
[Date "2010.7.6"]
[Round "-"]
[White "Maximus_the_Knight"]
[Black "Matach"]
[Result "1-0"]
[WhiteElo "1123"]
[BlackElo "1008"]

1. d4 Nf6 2. e3 e6 3. Nh3 d5 4. Bd3 c6 5. O-O Nbd7 6. b3 Rg8 7. Ng5 h6 8. Nh7
Be7 9. Nxf6+ Nxf6 10. Nc3 Qa5 11. Bd2 Bb4 12. Qf3 Bxc3 13. Bxc3 Qxc3 14. Qd1 e5
15. dxe5 Qxe5 16. Re1 Bg4 17. f4 Qh5 18. Be2 Ne4 19. Bxg4 Qg5 20. fxg5 hxg5 21.
Qf3 Nd6 22. Qh3 Rd8 23. Qh7 Kf8 24. Rf1 b6 25. Qh5 Ke7 26. Qxg5+ f6 27. Qh5 Rdf8
28. h3 g6 29. Qh7+ Nf7 30. Qxg8 Rxg8 31. c4 dxc4 32. bxc4 Nd6 33. Rac1 Rf8 34.
c5 f5 35. Bf3 Rf6 36. cxb6 axb6 37. Bxc6 Ne4 38. Bxe4 Ke6 39. Bb7 Rf7 40. Rc6+
Kd7 41. Rxb6 Kc7 42. Rxg6 Kxb7 43. g4 Rc7 44. gxf5 Rc3 45. Rb1+ Kc7 46. Kf2 Ra3
47. Rc1+ Kd7 48. Rg7+ Kd6 49. f6 Rxa2+ 50. Kf3 Rh2 51. Kg3 Re2 52. Re7 Rb2 53.
Rd1+ Kc6 54. f7 Rb8 55. Re8 Kc7 56. f8=Q Rb7 57. h4 Kb6 58. Qb4+ Kc7 59. Qxb7+
Kxb7 60. Rc1 Kb6 61. Rb8+ Ka7 62. Rb2 Ka6 63. Ra1# 1-0

[Event "If I Must....."]
[Site "http://www.queenalice.com/game.php?id=823876"]
[Date "2010.8.27"]
[Round "-"]
[White "Matach"]
[Black "Maximus_the_Knight"]
[Result "1-0"]
[WhiteElo "1043"]
[BlackElo "1134"]

1. d4 d6 2. c4 d5 3. Nc3 dxc4 4. Qa4+ Bd7 5. Qxc4 b5 6. Nxb5 Bxb5 7. Qxb5+ c6 8.
Qb7 Nd7 9. Qxc6 Qa5+ 10. Bd2 Rc8 11. Qxc8+ 1-0